000 00311nam a2200121Ia 4500
008 190216s9999||||xx |||||||||||||| ||und||
100 _aGerrish R John &richard C Whitefield
245 0 _aModern Course Of Organic Chemistry
260 _bLongmans
_c1977
300 _a426p
650 _aChemistry
942 _cBK
999 _c2330
_d2330